Pharmacology and Toxicology (Record no. 7103)

MARC details
000 -LEADER
fixed length control field 00377nam a2200157Ia 4500
008 - FIXED-LENGTH DATA ELEMENTS--GENERAL INFORMATION
fixed length control field 230312s9999||||xx |||||||||||||| ||und||
020 ## - INTERNATIONAL STANDARD BOOK NUMBER
International Standard Book Number 81-85790-23-7
082 ## - DEWEY DECIMAL CLASSIFICATION NUMBER
Classification number 612
Item number YAD-P
100 ## - MAIN ENTRY--PERSONAL NAME
Personal name Yadav,A.V
245 #0 - TITLE STATEMENT
Title Pharmacology and Toxicology
260 ## - PUBLICATION, DISTRIBUTION, ETC.
Name of publisher, distributor, etc. Nirali Prakashan
Place of publication, distribution, etc. India
Date of publication, distribution, etc. 2009
300 ## - PHYSICAL DESCRIPTION
Extent 310
546 ## - LANGUAGE NOTE
Language note Eng.
650 ## - SUBJECT ADDED ENTRY--TOPICAL TERM
Topical term or geographic name entry element Medical
Form subdivision Pharmacology
942 ## - ADDED ENTRY ELEMENTS (KOHA)
Koha item type BOOK
Holdings
Withdrawn status Lost status Source of classification or shelving scheme Damaged status Not for loan Home library Current library Date acquired Total Checkouts Full call number Barcode Date last seen Date last checked out Price effective from Koha item type
    Dewey Decimal Classification     Superior Information Resource Center (SIRC) Superior University- Central Library Superior Information Resource Center (SIRC) Superior University- Central Library 03/13/2023 1 612 YAD-P 7208 05/12/2025 04/09/2025 03/13/2023 BOOK

Powered by Koha